000 00752nam a22002177a 4500
999 _c16069
_d16069
003 AR-CdUCM
008 190502b ||||| |||| 00| 0 spa d
040 _aMUNICIPALIDAD PROVINCIAL DEL CUSCO
_cBIBLIOTECA MUNICIPAL DEL CUSCO
082 _a323.4 /
_bP86
100 _aPound, Roscoe
_935342
245 _aEvolución de la libertad /
260 _aMéxico :
_bLimusa - Wiley,
_c1964.
300 _a236 páginas ;
_c20 cm.
505 _aContenido : En la Inglaterra medieval -- La era de los Tudor y los Estuardos -- En la colonia de Norteamérica ...
650 _aEvolución
_97012
650 _aLibertad
_92892
650 _aSociología
_9276
700 _aCastaño, Alfonso (Traductor)
_920022
942 _2ddc
_cLIBROS
945 _arah
_d02/05/2019